000 00849nam a2200277Ia 4500
003 OSt
005 20221006160548.0
006 a|||||r|||| 00| 0
007 ta
008 221006b |||||||| |||| 00| 0 eng d
020 _a9781433028021
_c
_130.55
024 _a45,498
037 _bGift, KCC (Window on Korea)
_cTextual
040 _aEASL
_cEASL
_beng
041 _2eng
_aeng
082 _aX8(A)n495, Q0.1
245 0 _aSouth Korea
_b Industrial And Business Directory
260 _aWashington
_bDC International Business Publications, USA
_c2010
300 _a260p.
_ccm.
490 _v KEL
650 _a KEL
650 _a Korea - Trade and Project Financing
_9674136
650 _aKorea - Major Industries
_9674137
942 _hX8(A)n495, Q0.1
_cTEXL
_2CC
999 _c1113590
_d1113590